Leçons sur les fonctions de variables réelles et les développments en séries de polynomes

Gespeichert in:
Bibliographische Detailangaben
1. Verfasser: Borel, Emile (VerfasserIn)
Format: Buch
Sprache:Französisch
Veröffentlicht: París Gauthier-Villars 1928
Schriftenreihe:Collection de Monographies sur la Théorie des Fonctions
Schlagworte:
Tags: Tag hinzufügen
Keine Tags, Fügen Sie den ersten Tag hinzu!

MARC

LEADER 00000nam a2200000 a 4500
001 UCP1393
003 CL-VaPUC
008 990409e19280000FR |||||||||||||||||fre|d
082 0 4 |a 515.8  |b BOR  |2 21 
100 0 |a Borel, Emile  |e author  |9 427420 
245 1 0 |a Leçons sur les fonctions de variables réelles et les développments en séries de polynomes 
300 |a 158 p 
942 |c BK 
945 |d 19990409 00:00:00  |a crobeson 
260 |a París  |b Gauthier-Villars  |c 1928 
650 0 |a Funciones de variables reales  |9 304566 
650 0 |a Series numéricas  |9 423265 
650 0 |a Integrales   |9 260233 
650 0 |a Función continua  |9 422301 
650 7 |a FUNCIONES DISCONTINUAS  |2 CL-VaPUC  |9 427421 
583 |a last modification  |c 19990409 00:00:00  |k Rodrigo Vera 
490 0 |a Collection de Monographies sur la Théorie des Fonctions 
999 |c 280074  |d 280072 
952 |0 0  |1 0  |4 0  |6 515_800000000000000_BOR_1928  |7 0  |8 A  |9 320071  |a BIBMAT  |b BIBMAT  |d 2019-11-20  |i 1340387  |o 515.8 BOR 1928  |p 1340387  |r 2025-01-07  |w 2019-11-20  |y BK  |k MAT